Philosophical Transactions: Mathematical, Physical and Engineering Sciences (Record no. 35503)

MARC details
000 -LEADER
fixed length control field 00721nai a2200217Ia 4500
003 - CONTROL NUMBER IDENTIFIER
control field IN-BaIIA
008 - FIXED-LENGTH DATA ELEMENTS--GENERAL INFORMATION
fixed length control field 211028c9999 xx s 000 0 eng d
022 ## - INTERNATIONAL STANDARD SERIAL NUMBER
International Standard Serial Number 1364503X (Print)
022 ## - INTERNATIONAL STANDARD SERIAL NUMBER
International Standard Serial Number 14712962 (Online)
040 ## - CATALOGING SOURCE
Transcribing agency IIA Library
245 #0 - TITLE STATEMENT
Title Philosophical Transactions: Mathematical, Physical and Engineering Sciences
Medium [eJournal]
260 ## - PUBLICATION, DISTRIBUTION, ETC.
Place of publication, distribution, etc. London
Name of publisher, distributor, etc. Royal Society
310 ## - CURRENT PUBLICATION FREQUENCY
Current publication frequency Bi-Weekly
362 ## - DATES OF PUBLICATION AND/OR SEQUENTIAL DESIGNATION
Dates of publication and/or sequential designation 354(1704); 1996 - 374(2083); 2017
521 ## - TARGET AUDIENCE NOTE
Source Subscribed through IIA Library
650 ## - SUBJECT ADDED ENTRY--TOPICAL TERM
Topical term or geographic name entry element Mathematics
9 (RLIN) 82
650 ## - SUBJECT ADDED ENTRY--TOPICAL TERM
Topical term or geographic name entry element Science & Mathematics
9 (RLIN) 32028
650 ## - SUBJECT ADDED ENTRY--TOPICAL TERM
Topical term or geographic name entry element General Science
9 (RLIN) 5049
856 ## - ELECTRONIC LOCATION AND ACCESS
Uniform Resource Identifier <a href="https://www.jstor.org/journal/philtranmathphys">https://www.jstor.org/journal/philtranmathphys</a>
Link text Click Here to Access eJournal
942 ## - ADDED ENTRY ELEMENTS (KOHA)
Koha item type eJournals
Holdings
Withdrawn status Lost status Damaged status Not for loan Home library Current library Date acquired Source of acquisition Serial Enumeration / chronology Total Checkouts Barcode Date last seen Uniform Resource Identifier Price effective from Koha item type
        IIA Library-Bangalore IIA Library-Bangalore 01/09/2005 JSTOR 354(1704); 1996 - 374(2083); 2017   EJ1587 05/11/2021 https://www.jstor.org/journal/philtranmathphys 05/11/2021 eJournals

Powered by Koha